| Tag |
First Indicator |
Second Indicator |
Subfields |
| LEADER |
00000cam a2200000 i 4500 |
| 001 |
in00000688821 |
| 005 |
20170406105741.0 |
| 008 |
800602s1941 nyu 00001 eng d |
| 010 |
|
|
|a 41022669
|
| 035 |
|
|
|a (OCoLC)06380141
|
| 035 |
|
|
|9 ADA5640AM
|
| 040 |
|
|
|a MNL
|c MNL
|d TXA
|d UtOrBLW
|
| 049 |
|
|
|a TXAM
|c [257315]
|
| 090 |
|
|
|a PS3535.O3
|b G75 1941
|
| 100 |
1 |
|
|a Rodell, Marie Fried,
|d 1912-
|
| 245 |
1 |
0 |
|a Grim grow the lilacs.
|
| 264 |
|
1 |
|a New York :
|b The MacMillan co.,
|c [1941]
|
| 264 |
|
4 |
|c ©1941
|
| 300 |
|
|
|a 159 pages ;
|c 22 cm.
|
| 336 |
|
|
|a text
|b txt
|2 rdacontent
|
| 337 |
|
|
|a unmediated
|b n
|2 rdamedia
|
| 338 |
|
|
|a volume
|b nc
|2 rdacarrier
|
| 500 |
|
|
|a Author's pseud., Marion Randolph, at head of title.
|
| 999 |
|
|
|a MARS
|
| 999 |
f |
f |
|s 22e7ffe2-f399-3146-94c5-238f94ff3017
|i 1235e6d9-59f1-32e8-81a3-8e943905fd4e
|t 0
|
| 952 |
f |
f |
|p ric
|a Texas A&M University
|b Rellis Campus
|c Joint Library Facility
|d Remote Storage
|t 0
|e PS3535.O3 G75 1941
|h Library of Congress classification
|i unmediated -- volume
|m A14804274608
|
| 998 |
f |
f |
|a PS3535.O3 G75 1941
|t 0
|l Remote Storage
|